A Course in Behavioral Economics

Enregistré dans:
Détails bibliographiques
Auteur principal: Angner, Erik
Format: Livre
Langue:anglais
Publié: London Red Globe Press/Macmillan Education 2021
Édition:3rd Edition
Sujets:
Tags: Ajouter un tag
Pas de tags, Soyez le premier à ajouter un tag!

MARC

LEADER 00000nam a2200000 4500
001 0278653
005 20240325110140.9
020 |a 978-1-352-01080-0 
041 0 |a eng 
044 |a GB 
245 1 0 |a A Course in Behavioral Economics  |c Erik Angner 
250 |a 3rd Edition 
264 1 |a London  |b Red Globe Press/Macmillan Education  |c 2021 
300 |a 327 s. 
610 2 0 |a ekonómia behaviorálna 
610 2 0 |a rozhodovanie 
610 2 0 |a riziko 
610 2 0 |a teória hier 
610 2 0 |a metódy 
610 2 0 |a preferencie 
610 2 0 |a pravdepodobnosť 
610 2 0 |a manažment 
610 2 0 |a marketing 
610 2 0 |a politológia 
610 2 0 |a politika verejná 
100 1 |a Angner, Erik